Celebrities in the Kitchen Quiz Stats

 Plays Quiz Updated Jan 23, 2018

Score 0/16 Timer 05:00
0 Plays Today
% Correct
John Lennon
92.1%
Madonna
89%
Mick Jagger
88.5%
Johnny Depp
87.2%
George Clooney
82.8%
Jimi Hendrix
81.5%
Audrey Hepburn
78.4%
Marilyn Monroe
76.9%
% Correct
Avril Lavigne
74.6%
Barbra Streisand
72%
Joaquin Phoenix
70.4%
James Dean
65.8%
Ryan Reynolds
65.6%
Jon Hamm
50.3%
Maggie Gyllenhaal
46.1%
Salma Hayek
42.1%

You're not logged in!

Compare scores with friends on all Sporcle quizzes.
OR
Log In

Sporcle TV

Today on Sporcle TV


Watch our educational content, quiz creation guides, and fun videos on Sporcle TV.

Show Comments

Extras

Top Quizzes Today


Score Distribution

Your Account Isn't Verified!

In order to create a playlist on Sporcle, you need to verify the email address you used during registration. Go to your Sporcle Settings to finish the process.

Report this User

Report this user for behavior that violates our Community Guidelines.

Details: